Let us C++ (Record no. 10833)

000 -LEADER
fixed length control field 00434 a2200169 4500
020 ## - INTERNATIONAL STANDARD BOOK NUMBER
International Standard Book Number 9788176561068
082 ## - DEWEY DECIMAL CLASSIFICATION NUMBER
Classification number 005.133
090 ## - LOCALLY ASSIGNED LC-TYPE CALL NUMBER (OCLC); LOCAL CALL NUMBER (RLIN)
-- 7024
-- 7024
100 ## - MAIN ENTRY--PERSONAL NAME
Personal name Kanetkar, Yashavant P
245 ## - TITLE STATEMENT
Title Let us C++
Statement of responsibility, etc. Yashavant P Kanetkar
250 ## - EDITION STATEMENT
Edition statement 2nd ed.
260 ## - PUBLICATION, DISTRIBUTION, ETC.
Place of publication, distribution, etc. New Delhi
Name of publisher, distributor, etc. BPB Publications
Date of publication, distribution, etc. 2010
300 ## - PHYSICAL DESCRIPTION
Extent 633 p.
650 ## - SUBJECT ADDED ENTRY--TOPICAL TERM
Topical term or geographic name entry element C++--Computer program language
700 ## - ADDED ENTRY--PERSONAL NAME
Personal name Yashavant P Kanetkar
942 ## - ADDED ENTRY ELEMENTS (KOHA)
Koha item type Book
Call number prefix 005.133 KAN
Holdings
Withdrawn status Lost status Damaged status Not for loan Collection code Permanent Location Current Location Shelving location Date acquired Source of acquisition Cost, normal purchase price Total Checkouts Total Renewals Full call number Barcode Date last seen Date last checked out Price effective from Koha item type Checked out
          Central Library (CL) Central Library (CL) First Floor - Software Engineering/ Programming Language 04/13/2012 Allied Book Company 427.68 7 4 005.133 KAN SEECS011172 07/02/2025 09/21/2024 01/05/2017 Book  
          Central Library (CL) Central Library (CL) First Floor - Software Engineering/ Programming Language 04/13/2012 Allied Book Company 427.68 9 2 005.133 KAN SEECS011173 02/26/2021 02/26/2021 01/05/2017 Book 03/28/2021
© 2023 Central Library, National University of Sciences and Technology. All Rights Reserved.